|
|
|
|
| LEADER |
00000cam a2200000 7i4500 |
| 001 |
0000002410 |
| 005 |
20030606.0 |
| 020 |
0 |
0 |
|a 9022008614
|
| 090 |
0 |
0 |
|a 631.531
|b ADV (19--)
|
| 245 |
0 |
0 |
|a ADVANCES in research and technology of seeds
|c edited for the International Seed Testing Association
|
| 260 |
0 |
0 |
|a Wageningen, the Netherlands :
|b Centre for Agricultural Pub. and Documentation ,
|c 1975-1988
|
| 300 |
|
|
|a v. :
|b ill. ;
|c 23 cm.
|
| 650 |
0 |
0 |
|a Seed technology
|
| 650 |
0 |
0 |
|a Seeds
|
| 710 |
1 |
1 |
|a International Seed Testing Association
|
| 998 |
|
|
|a JPSM
|
| 999 |
|
|
|a 0000004237
|b Monograph
|c Open Shelf
|e Default branch
|